The politics of Paul Robeson's Othello (Record no. 145222)
[ view plain ]
| 000 -LEADER | |
|---|---|
| fixed length control field | 01727nam a2200409Ia 4500 |
| 082 04 - DEWEY DECIMAL CLASSIFICATION NUMBER | |
| Classification number | 782/.0092 |
| -- | B |
| 100 1# - MAIN ENTRY--AUTHOR NAME | |
| Personal name | Swindall, Lindsey R., |
| 245 14 - TITLE STATEMENT | |
| Title | The politics of Paul Robeson's Othello |
| 260 ## - PUBLICATION, DISTRIBUTION, ETC. (IMPRINT) | |
| Place of publication | Jackson : |
| Name of publisher | University Press of Mississippi, |
| Year of publication | 2010. |
| 300 ## - PHYSICAL DESCRIPTION | |
| Number of Pages | viii, 233 p. : |
| Other physical details | ill. |
| 490 1# - SERIES STATEMENT | |
| Series statement | Margaret Walker Alexander Series in African American Studies |
| 650 #0 - SUBJECT ADDED ENTRY--TOPICAL TERM | |
| Topical Term | African Americans |
| Topical Term | Othello (Fictitious character) |
| Topical Term | Acting |
| Topical Term | African American actors. |
| Topical Term | Theater |
| 856 40 - ELECTRONIC LOCATION AND ACCESS | |
| Uniform Resource Identifier | http://site.ebrary.com/lib/rucke/Doc?id=10428861 |
No items available.
